LEADER 00927nam0 2200289 450 001 000029908 005 20140213150233.0 010 $a978-88-568-4759-8 100 $a20140213d2012----km-y0itay50------ba 101 0 $aita 102 $aIT 105 $ay-------001yy 200 1 $aPricing : definire i prezzi$fCristina Mariani, Alessandro Silvia 210 $aMilano$cFranco Angeli$dc2012 215 $a143 p.$d23 cm 225 2 $aImpresa diretta$v1 410 0$12001$aImpresa diretta 500 10$aPricing : definire i prezzi$940603 610 1 $aPrezzi$aDeterminazione 676 $a658.816$v22$9Gestione delle vendite. Determinazione dei prezzi 700 1$aMariani,$bCristina$0524689 701 1$aSilva,$bAlessandro$055564 801 0$aIT$bUNIPARTHENOPE$c20140213$gRICA$2UNIMARC 912 $a000029908 951 $a658-P/66$b44824$cNAVA1$d2014 996 $aPricing : definire i prezzi$940603 997 $aUNIPARTHENOPE